| 000 | 01390nam a2200349 c 4500 | ||
|---|---|---|---|
| 003 | BLK | ||
| 005 | 20250222134931.0 | ||
| 008 | 180407b bul|||||r ||||||| ||bul|| | ||
| 010 | _aKNG00033820000 | ||
| 020 |
_a954-8610-50-5 _bиздат.: Лира Принт |
||
| 040 | _aBLK | ||
| 041 |
_aBUL _cBUL |
||
| 080 |
_aАмериканска литература (на САЩ) _b821.111(73) _x-312.9 _z821.111(73)-312.9 |
||
| 100 | 1 |
_aШекли, Робърт _eпърви автор _9363311 |
|
| 700 |
_aКомогорова, Светлана Николаева _9364272 |
||
| 139 |
_aШекли, Робърт _bШ 50 |
||
| 245 | 1 | 0 |
_aДомът на боговете _bРоман _cРобърт Шекли; прев. от англ. Светлана Николаева Комогорова. |
| 257 | _aUSA | ||
| 260 |
_аСофия _bЛира Принт _c2000 _fВраца : Полипринт |
||
| 300 |
_a208 с. _c20 см |
||
| 380 | _aX | ||
| 490 | 1 |
_aБиблиотека Научна фантастика _v13 |
|
| 500 | _aОриг. загл. Godshome / Robert Sheckley. - Офс. изд. - 1 600 тир. | ||
| 653 | _aфентъзи | ||
| 653 | _aромани | ||
| 852 | _aЦб 206088 | ||
| 856 | 4 |
_qpdf _u |
|
| 856 | 4 |
_qpdf _u |
|
| 942 |
_cKNG _n0 _07 |
||
| 944 |
_aCR _c15.01.2003 _lЦветелина Шанова _k30531 |
||
| 944 |
_aED _c18.11.2016 _lф / _kЛюдмила_Стоянова |
||
| 999 |
_c31175 _d31175 |
||